000 00652nam a2200181Ia 4500
008 100920s9999 xx 000 0 und d
082 _b95273
_a28 व 51 न 05
100 _aमहाजन भास्कर.
245 _aगुरू द्रोणाचार्य.
260 _bप्राजक्त प्रकाशन,पुणे.
_c2005
300 _a32
_bसाधी
365 _b20
520 _aबा. वि चरित्र.
630 _aगुरू द्रोणाचार्य.
650 _aबा. वि चरित्र.
730 _aगुरू द्रोणाचार्य.
942 _cBOOK
999 _c735715
_d735712